000 01983nam0a2200421 4500
001 RU\NLR\bibl\229308
005 20260215055500.0
010 _a5-89409-025-3
_93000
021 _aRU
_b2001-52203
_92524
035 _a(NLR Aleph) 000225287
090 _a1310290
_c1310290
100 _a20020204d2001 |||y0rusy50 ca
101 0 _arus
102 _aRU
105 _ay |||||||||
200 1 _aМосква в акварелях
_e[По работам худож. Е. К. Чивикова]
_fЛ. М. Кларина
210 _aМ.
_cСтрелец
_d2001
215 _a39 с.
_d21
320 _aБиблиогр.: с. 39 (15 назв.)
600 1 _aЧивиков
_bЕ. К.
_gЕвгений Константинович
_2psbo
604 _1200#1$aЧивиков$bЕ.К.$gЕвгений Константинович
_12350#$aАкварели
_aЧивиков, Евгений Константинович
_tАкварели
_3RU\NLR\AUTH\661342517
_92237116
606 0 _aАкварель русская - Изучение в дошкольных учреждениях
606 0 _aАкварель русская - Изучение в начальной школе
606 0 _aМосква в живописи
606 0 _aМосквоведение
606 0 _aМосква, изобр. искусство
606 0 _aДошкольники
_xХудожественное воспитание средствами изобразительного искусства
_91158240
_3RU\NLR\AUTH\66463130
607 _aМосква, город
_xв изобразительном искусстве
_91208948
_3RU\NLR\auth\66490548
686 1 _aЩ143(2Р=Рус)7-8Чивиков
686 1 _aЧ411.355.22
700 1 _aКларина
_bЛ. М.
_gЛюбовь Матвеевна
_4070
801 0 _aRU
_bRKP
_c20020204
_gPSBO
801 1 _aRU
_bRKP
_c20020204
801 2 _aRU
_bNLR
_c20080704
_grcr
942 _cBOOK
980 _aNB